[Event "Play your favorite openings"]
[Site "SchemingMind.com"]
[Date "2020.02.07"]
[Round "-"]
[White "kenneth m day"]
[Black "Raymond de Kemp"]
[Result "0-1"]
[WhiteCountry "USA"]
[BlackCountry "NED"]
[WhiteElo "1758"]
[WhiteRD "52"]
[BlackElo "1871"]
[BlackRD "66"]
[GameID "451102"]

1. e4 c5 2. d4 cxd4 3. c3 dxc3 4. Nxc3 Nc6 5. Nf3 e6 6. Bc4 a6 7. O-O b5 8. Bb3 Bb7 9. Re1 Na5 10. Bc2 Ne7
11. Bg5 f6 12. Bh4 Ng6 13. Bg3 Nc4 14. b3 Nb6 15. Rc1 Bb4 16. Qd4 Be7 17. Ne2 e5 18. Qd2 a5 19. Red1 Bb4 20. Qe3 O-O
21. Nc3 Bxc3 22. Qxc3 b4 23. Qe3 Ne7 24. Rd2 d6 25. Rcd1 Nbc8 26. Ne1 Nc6 27. f4 Ba6 28. Bd3 Bxd3 29. Nxd3 Qe7 30. fxe5 fxe5
31. Rf2 Rxf2 32. Qxf2 N8a7 33. Rf1 Nd4 34. Bh4 Qb7 35. Qe3 Nab5 36. Be1 Nc2 37. Qf2 Nbd4 38. Bd2 Ne6 39. Bc1 Rc8 40. Qf5 Ncd4
41. Qf2 Rc2 42. Qe3 Re2 43. Qg3 Rxe4 44. Qh3 Ne2+ 45. Kh1 Qe7 46. Qf3 d5 47. Be3 N2f4 48. Nxf4 exf4 49. Bc1 Nd4 50. Qf2 Ne2
51. Bb2 d4 52. Qf3 Qh4 53. Rf2 Ng3+
0-1

[Event "Play your favorite openings"]
[Site "SchemingMind.com"]
[Date "2020.02.07"]
[Round "-"]
[White "Raymond de Kemp"]
[Black "kenneth m day"]
[Result "1/2-1/2"]
[WhiteCountry "NED"]
[BlackCountry "USA"]
[WhiteElo "1855"]
[WhiteRD "68"]
[BlackElo "1743"]
[BlackRD "52"]
[GameID "451103"]

1. d4 Nf6 2. Bf4 d6 3. e3 g6 4. Be2 Bg7 5. h4 Nc6 6. h5 h6 7. hxg6 fxg6 8. Nd2 Bf5 9. g4 Be6 10. c4 Bf7
11. d5 Ne5 12. Bxe5 dxe5 13. Qa4+ Qd7 14. Qxd7+ Nxd7 15. e4 O-O-O 16. O-O-O Nc5 17. Rh3 Rd6 18. Ra3 Kb8 19. b4 Na6 20. c5 Rf6
21. Bxa6 Rxa6 22. Rxa6 bxa6 23. Nb3 h5 24. g5 Be8 25. c6 Rf8 26. f3 Rf4 27. Nc5 Rh4 28. Nxa6+ Kc8 29. Nc5 Rh2 30. Kb1 h4
31. Rd3 Rg2 32. Ra3 Rxg1+ 33. Kb2 h3 34. Rxa7 Kb8 35. Rb7+ Kc8 36. Ra7 Kb8 37. Rb7+ Kc8 38. Ra7
1/2-1/2

[Event "Play your favorite openings"]
[Site "SchemingMind.com"]
[Date "2020.02.23"]
[Round "-"]
[White "David Hartley"]
[Black "kenneth m day"]
[Result "0-1"]
[WhiteCountry "ENG"]
[BlackCountry "USA"]
[WhiteElo "1721"]
[WhiteRD "79"]
[BlackElo "1743"]
[BlackRD "52"]
[GameID "451524"]

1. e4 e5 2. Nf3 Nc6 3. Bc4 Bc5 4. c3 Nf6 5. d4 exd4 6. cxd4 Bb4+ 7. Nc3 Nxe4 8. O-O Bxc3 9. d5 Bf6 10. dxc6 dxc6
11. Qe2 Qe7 12. Re1 Nd6 13. Qc2 Be6 14. Bxe6 fxe6 15. Qe2 Kd7 16. Bf4 Rhe8 17. Qc2 g6 18. Re2 Rad8 19. Rae1 Qf7 20. Qb3 Kc8
21. Rxe6 Rxe6 22. Qxe6+ Qxe6 23. Rxe6 Bxb2 24. Bh6 Nf5 25. Bd2 c5 26. Kf1 Nd4 27. Re3 Nxf3
0-1

[Event "Play your favorite openings"]
[Site "SchemingMind.com"]
[Date "2020.02.24"]
[Round "-"]
[White "David Hartley"]
[Black "Raymond de Kemp"]
[Result "0-1"]
[WhiteCountry "ENG"]
[BlackCountry "NED"]
[WhiteElo "1720"]
[WhiteRD "78"]
[BlackElo "1871"]
[BlackRD "66"]
[GameID "451526"]

1. e4 e5 2. Nf3 Nc6 3. Bb5 Nf6 4. O-O Nxe4 5. d4 Nd6 6. Bxc6 dxc6 7. dxe5 Nf5 8. Qxd8+ Kxd8 9. Bf4 h6 10. h3 Be6
11. b3 g5 12. Bh2 Bc5 13. Nbd2 Ke7 14. c4 Rhd8 15. Ne4 Bd4 16. Nxd4 Nxd4 17. Rfd1 Nc2 18. Rxd8 Rxd8 19. Rc1 Nd4 20. Kf1 Bf5
21. Nc3 Bd3+ 22. Kg1 c5 23. f3 Ne2+ 24. Nxe2 Bxe2 25. Rc2 Bd3 26. Rb2 c6 27. Kf2 b5 28. f4 gxf4 29. Bxf4 Rh8 30. cxb5 cxb5
31. Be3 c4 32. bxc4 bxc4 33. Rb7+ Ke6 34. Bd4 Rc8 35. Bc3 h5 36. Rxa7 Rb8 37. Ra4 Rb1 38. Rb4 Rc1 39. Rb6+ Kd5 40. Bb4 Kxe5
41. a4 c3 42. Rh6 Ke4 43. Rxh5 Rf1+ 44. Kg3 c2 45. Bd2 Bc4 46. a5 Kd3 47. Bh6 f5
0-1

[Event "Play your favorite openings"]
[Site "SchemingMind.com"]
[Date "2020.02.23"]
[Round "-"]
[White "Raymond de Kemp"]
[Black "David Hartley"]
[Result "1-0"]
[WhiteCountry "NED"]
[BlackCountry "ENG"]
[WhiteElo "1839"]
[WhiteRD "71"]
[BlackElo "1754"]
[BlackRD "83"]
[GameID "451527"]

1. d4 d5 2. Bf4 c5 3. e3 Nc6 4. c3 Nf6 5. Nd2 e6 6. Ngf3 Bd6 7. Ne5 O-O 8. h4 Bxe5 9. dxe5 Nd7 10. Nf3 a6
11. Bd3 Qc7 12. Bxh7+ Kxh7 13. Ng5+ Kg8 14. Qh5
1-0

[Event "Play your favorite openings"]
[Site "SchemingMind.com"]
[Date "2020.02.24"]
[Round "-"]
[White "David Hartley"]
[Black "Clive Everill"]
[Result "0-1"]
[WhiteCountry "ENG"]
[BlackCountry "CZE"]
[WhiteElo "1721"]
[WhiteRD "79"]
[BlackElo "1770"]
[BlackRD "54"]
[GameID "451588"]

1. e4 c5 2. Nc3 d6 3. f4 g6 4. d4 cxd4 5. Qxd4 Nf6 6. e5 Nc6 7. Bb5 Nh5 8. Nf3 Bg7 9. O-O O-O 10. Bxc6 bxc6
11. Qe3 Bh6 12. Ne2 Ba6 13. Re1 Bxe2 14. Rxe2 Bxf4 15. Qc3 Bxc1 16. Rxc1 Qb6+ 17. Kh1 d5 18. b3 e6 19. Rf1 c5 20. Ref2 d4
21. Qd2 f5 22. exf6 Nxf6 23. Qe1 Nd5 24. Ne5 Rxf2 25. Qxf2 Qc7 26. Qe1 Re8 27. Rf7 Re7 28. Rf3 Ne3 29. Nd3 Nxc2 30. Qc1 Ne3
31. Qxc5 Qxc5 32. Nxc5 Rc7 33. b4 a5 34. a3 axb4 35. axb4 Nd5 36. Kg1 e5 37. Ne6 Rc1+ 38. Kf2 Rc8 39. Rb3 Rc3 40. Rb2 d3
41. b5 Rc2+
0-1

[Event "Play your favorite openings"]
[Site "SchemingMind.com"]
[Date "2020.02.23"]
[Round "-"]
[White "Clive Everill"]
[Black "David Hartley"]
[Result "1-0"]
[WhiteCountry "CZE"]
[BlackCountry "ENG"]
[WhiteElo "1779"]
[WhiteRD "57"]
[BlackElo "1754"]
[BlackRD "83"]
[GameID "451589"]

1. Nf3 Nf6 2. g3 d5 3. Bg2 c6 4. c4 dxc4 5. O-O b5 6. a4 Bb7 7. d4 cxd3 8. exd3 a6 9. Ne5 e6 10. axb5 axb5
11. Rxa8 Bxa8 12. Qc2 Qc7 13. f4 Bd6 14. Nf3 O-O 15. Nc3 Nbd7 16. d4 Bb7 17. Ne5 Qb6 18. Be3 c5 19. Bxb7 Qxb7 20. dxc5 Bxc5
21. Bxc5 Nxc5 22. Rd1 b4 23. Ne2 h6 24. Qxc5
1-0

[Event "Play your favorite openings"]
[Site "SchemingMind.com"]
[Date "2020.02.21"]
[Round "-"]
[White "Clive Everill"]
[Black "kenneth m day"]
[Result "1-0"]
[WhiteCountry "CZE"]
[BlackCountry "USA"]
[WhiteElo "1779"]
[WhiteRD "57"]
[BlackElo "1744"]
[BlackRD "54"]
[GameID "451590"]

1. e4 e5 2. Nc3 Nc6 3. Bc4 Bc5 4. Qg4 Qf6 5. Nd5 Qxf2+ 6. Kd1 Nf6 7. Qxg7 Nxd5 8. exd5 Rf8 9. dxc6 d6 10. Nf3 e4
11. Rf1 Qxf1+ 12. Bxf1 exf3 13. gxf3 Bf5 14. d4 Bb6 15. cxb7 Rb8 16. Bb5+
1-0

[Event "Play your favorite openings"]
[Site "SchemingMind.com"]
[Date "2020.02.21"]
[Round "-"]
[White "kenneth m day"]
[Black "Clive Everill"]
[Result "1-0"]
[WhiteCountry "USA"]
[BlackCountry "CZE"]
[WhiteElo "1744"]
[WhiteRD "54"]
[BlackElo "1779"]
[BlackRD "57"]
[GameID "451591"]

1. e4 c5 2. d4 cxd4 3. c3 g6 4. cxd4 d5 5. e5 Nc6 6. Nf3 Bg4 7. Be2 Bg7 8. Nc3 Nh6 9. h3 Bxf3 10. Bxf3 Nf5
11. Be3 e6 12. g4 Nxe3 13. fxe3 Qh4+ 14. Ke2 Bh6 15. Qd2 O-O 16. Rag1 a6 17. Qe1 Qg5 18. Qd2 b5 19. h4 Qd8 20. g5 Bg7
21. h5 Na5 22. hxg6 fxg6 23. Qe1 Nc4 24. b3 Nb6 25. Qh4 Kf7 26. Rf1 Ke7 27. Qxh7 Rf7 28. Qxg6 b4 29. Nd1 Qc7 30. Rh7 Rg8
31. Bg4 Rxf1 32. Qxe6+ Kf8 33. Kxf1 Qf7+ 34. Qxf7+ Kxf7 35. Bf5 Re8 36. Nf2 Kg8 37. Rh4 Na8 38. Nd3 a5 39. Nc5 Nc7 40. Kg2 Rf8
41. Bh7+ Kh8 42. Bg6+ Kg8 43. Rf4 Nb5 44. Rxf8+ Kxf8 45. Kg3 Nc3 46. Kg4 Nxa2 47. Ne6+ Kg8 48. Nxg7 Kxg7 49. Bc2 Nc3 50. Kf5 Nb5
51. e6 Nc7 52. Ke5 Kf8 53. Kd6 Nb5+ 54. Kxd5 Ke7 55. Ke5 Nd6 56. d5 Ne8 57. g6 Ng7 58. d6+ Kd8 59. Kf6 Ne8+ 60. Ke5 Ng7
61. e4 Ne8 62. Kd5 Ng7 63. e5 Ne8 64. e7+ Kc8 65. Bf5+
1-0

[Event "Play your favorite openings"]
[Site "SchemingMind.com"]
[Date "2020.02.21"]
[Round "-"]
[White "Clive Everill"]
[Black "Raymond de Kemp"]
[Result "0-1"]
[WhiteCountry "CZE"]
[BlackCountry "NED"]
[WhiteElo "1779"]
[WhiteRD "57"]
[BlackElo "1839"]
[BlackRD "71"]
[GameID "451592"]

1. c4 e5 2. Nc3 Nf6 3. Nf3 e4 4. Ng5 b5 5. d3 exd3 6. cxb5 h6 7. Nf3 dxe2 8. Bxe2 Bc5 9. Nd4 Bb7 10. O-O Bxd4
11. Qxd4 O-O 12. a4 d5 13. Bf3 c6 14. Bf4 Nbd7 15. bxc6 Bxc6 16. Bxd5 Nxd5 17. Nxd5 Nb6 18. Rfd1 Nxd5 19. Bxh6 gxh6 20. Qg4+ Qg5
21. Qd4 Ne3 22. g3 Nxd1 23. Rxd1 Rad8
0-1

[Event "Play your favorite openings"]
[Site "SchemingMind.com"]
[Date "2020.02.21"]
[Round "-"]
[White "Raymond de Kemp"]
[Black "Clive Everill"]
[Result "1-0"]
[WhiteCountry "NED"]
[BlackCountry "CZE"]
[WhiteElo "1839"]
[WhiteRD "71"]
[BlackElo "1779"]
[BlackRD "57"]
[GameID "451593"]

1. d4 f5 2. Bg5 b6 3. e3 Nf6 4. Bxf6 exf6 5. Qf3 d5 6. Bd3 g6 7. Ne2 Bg7 8. Nf4 Bb7 9. h4 c6 10. Qg3 Qe7
11. Nd2 Nd7 12. Nxg6 hxg6 13. Qxg6+ Kd8 14. Qxf5 Bc8 15. Qf3 Qb4 16. O-O-O a5 17. a3 Qd6 18. g4 Kc7 19. e4 dxe4 20. Nxe4 Qe6
21. Qg3+ Kb7 22. Nd6+ Ka7 23. Nc4 Kb7 24. Rhe1 Qd5 25. Nd6+ Ka7 26. Bc4 Bh6+ 27. Kb1 Qxc4 28. Nxc4 Kb7 29. Nd6+ Ka6 30. Nf7 Rh7
31. Qd3+
1-0

[Event "Play your favorite openings"]
[Site "SchemingMind.com"]
[Date "2020.02.24"]
[Round "-"]
[White "David Hartley"]
[Black "krzysztof"]
[Result "1-0"]
[WhiteCountry "ENG"]
[BlackCountry "POL"]
[WhiteElo "1721"]
[WhiteRD "79"]
[BlackElo "1497"]
[BlackRD "64"]
[GameID "451662"]

1. e4 e5 2. Nf3 Nf6 3. Nxe5 d6 4. Nf3 Bg4 5. Nc3 g6 6. d3 h6 7. Be2 h5 8. h3 Bxf3 9. Bxf3 Nbd7 10. Bg5 Be7
11. Qd2 Ne5 12. Be2 c5 13. Be3 b5 14. Nxb5 a6 15. Nc3 d5 16. exd5 Nxd5 17. Nxd5 Qxd5 18. O-O g5 19. f4 Ng6 20. Bf3 Qd6
21. Bxa8 gxf4 22. Bxf4 Nxf4 23. Qxf4 Qg6 24. Rae1 O-O 25. Rxe7 Kh8 26. Be4 Qg7 27. Rxf7 Rxf7 28. Qxf7 Qxf7 29. Rxf7
1-0

[Event "Play your favorite openings"]
[Site "SchemingMind.com"]
[Date "2020.02.23"]
[Round "-"]
[White "krzysztof"]
[Black "David Hartley"]
[Result "0-1"]
[WhiteCountry "POL"]
[BlackCountry "ENG"]
[WhiteElo "1450"]
[WhiteRD "66"]
[BlackElo "1720"]
[BlackRD "78"]
[GameID "451663"]

1. e4 e5 2. Nf3 Nc6 3. Bc4 Bc5 4. Bd5 Nf6 5. h3 O-O 6. d3 Re8 7. a3 Nxd5 8. exd5 Nb8 9. Nc3 c6 10. b4 Be7
11. Ne4 cxd5 12. Nc5 d6 13. Nb3 d4 14. Bb2 Nd7 15. g4 Nf6 16. Bc1 Be6 17. g5 Nd7 18. h4 f6 19. g6 hxg6 20. Ng1 Kf7
21. h5 Rh8 22. h6 Rh7 23. Qf3 Qc7 24. hxg7 Kxg7 25. Rxh7+ Kxh7 26. Qh1+ Kg8 27. Bh6 Kf7 28. Bd2 Rg8 29. Rc1 Qb8 30. Ke2 Nb6
31. Nf3 Bd5 32. Qh7+ Rg7 33. Qh2 Qg8 34. Rh1 Nd7 35. Na5 b6 36. Nb3 Nf8 37. Rf1 Qh7 38. Qg3 Qh5 39. Ke1 Qxf3 40. Qxf3 Bxf3
41. c3 dxc3 42. Bxc3 Rh7 43. Kd2 Ne6 44. d4 Bd5 45. Kc2 Bxb3+ 46. Kxb3 Nxd4+ 47. Bxd4 exd4 48. Rd1 Rh3+ 49. Kc4 Rxa3 50. Rb1 Ke6
51. Rd1 a6 52. Rxd4 b5#
0-1

[Event "Play your favorite openings"]
[Site "SchemingMind.com"]
[Date "2020.02.24"]
[Round "-"]
[White "Clive Everill"]
[Black "krzysztof"]
[Result "1-0"]
[WhiteCountry "CZE"]
[BlackCountry "POL"]
[WhiteElo "1779"]
[WhiteRD "57"]
[BlackElo "1605"]
[BlackRD "73"]
[GameID "451664"]

1. e4 e6 2. d4 Bb4+ 3. c3 Ba5 4. b4 Bb6 5. Nf3 a5 6. Ba3 c6 7. Bc4 d5 8. exd5 exd5 9. Be2 Bc7 10. O-O Be6
11. Nbd2 Nh6 12. Ne5 f6 13. Nd3 Nd7 14. Nc5 Nxc5 15. bxc5 Qb8 16. g3 f5 17. Re1 Kd7 18. Nf3 Nf7 19. Bd3 Re8 20. Qc2 g6
21. Re2 Re7 22. Rae1 Qe8 23. Bc1 h5 24. Nh4 Ng5 25. Bxg5 Rg7 26. Rxe6 Qxe6 27. Rxe6 Kxe6 28. Bxf5+ Kf7 29. Bxg6+ Kg8 30. Bf6 Rd7
31. Qf5 Rf7 32. Bxf7+ Kf8 33. Qd7 Bxg3 34. Qe7#
1-0

[Event "Play your favorite openings"]
[Site "SchemingMind.com"]
[Date "2020.02.24"]
[Round "-"]
[White "krzysztof"]
[Black "Clive Everill"]
[Result "1-0"]
[WhiteCountry "POL"]
[BlackCountry "CZE"]
[WhiteElo "1605"]
[WhiteRD "73"]
[BlackElo "1779"]
[BlackRD "57"]
[GameID "451665"]

1. e3 e5 2. Nc3 d5 3. d3 c5 4. Nce2 Be6 5. Ng3 h6 6. h3 Bd6 7. f4 Qh4 8. Qf3 Nc6 9. Ne2 Nf6 10. Bd2 e4
11. Qf2 exd3 12. cxd3 O-O-O 13. Ng1 g5 14. Nf3 Qxg3 15. Qxg3 gxf4 16. exf4 Rde8 17. Be2 Bf5 18. Ne5 Nxe5 19. fxe5 Bxe5 20. Qf3 Be6
21. Bc3 Bxc3+ 22. bxc3 Nd7 23. d4 c4 24. Kd2 f5 25. Rhb1 Nf6 26. Kc2 Rhg8 27. Qf1 Ne4 28. Bf3 Ng3 29. Qf2 f4 30. Rb5 Bf5+
31. Kb2 Be4 32. Bg4+ Bf5 33. Rc5+ Kb8 34. Qxf4+ Ka8 35. Bf3 Be4 36. Re1 Re6 37. Qg4 Rb6+ 38. Ka1 Rd8 39. Qc8+
1-0

[Event "Play your favorite openings"]
[Site "SchemingMind.com"]
[Date "2020.02.24"]
[Round "-"]
[White "kenneth m day"]
[Black "krzysztof"]
[Result "1-0"]
[WhiteCountry "USA"]
[BlackCountry "POL"]
[WhiteElo "1744"]
[WhiteRD "54"]
[BlackElo "1605"]
[BlackRD "73"]
[GameID "451666"]

1. e4 d5 2. exd5 Qxd5 3. d4 e6 4. Nf3 b6 5. Nc3 Qb7 6. Bf4 Bd6 7. Be3 Nf6 8. Be2 h6 9. Qd2 Bd7 10. h3 Bb4
11. a3 Ne4 12. Qd3 Bxc3+ 13. bxc3 Bc6 14. O-O Ng5 15. Bd2 Ne4 16. Bf4 Nd6 17. Bxd6 cxd6 18. Rfe1 Nd7 19. Qe3 Nf6 20. Rad1 O-O-O
21. Rb1 a6 22. c4 Nd7 23. c3 d5 24. cxd5 Bxd5 25. c4 Be4 26. Rb3 Bc2 27. Rc3 Ba4 28. Rb1 b5 29. cxb5+ Kb8 30. Bd3 axb5
31. Bxb5 Bxb5 32. Rcb3 Nb6 33. Rxb5 Rd5 34. Rxb6 Qxb6 35. Rxb6+ Kc7 36. Qb3 Ra8 37. Rb7+ Kc8 38. Qb6 Rd7 39. Qc6+ Kd8 40. Qxd7#
1-0

[Event "Play your favorite openings"]
[Site "SchemingMind.com"]
[Date "2020.02.23"]
[Round "-"]
[White "krzysztof"]
[Black "kenneth m day"]
[Result "0-1"]
[WhiteCountry "POL"]
[BlackCountry "USA"]
[WhiteElo "1605"]
[WhiteRD "73"]
[BlackElo "1744"]
[BlackRD "54"]
[GameID "451667"]

1. e4 e5 2. f4 exf4 3. Nf3 d6 4. Bc4 h6 5. d4 g5 6. h3 Nf6 7. Nc3 Nc6 8. d5 Ne5 9. Bb5+ Bd7 10. Qd4 Bg7
11. Bd3 Nh5 12. Qf2 Ng3 13. Rh2 O-O 14. Nxe5 Bxe5 15. Ne2 Nh5 16. Qf3 Ng7 17. g4 c6 18. Kf2 Qb6+ 19. Kg2 a5 20. h4 cxd5
21. c3 dxe4 22. Bxe4 Bc6 23. hxg5 hxg5 24. Bd2 Bxe4 25. Qxe4 f3+ 26. Qxf3 Bxh2 27. Rh1 Qc6 28. Qxc6 bxc6 29. Rxh2 f6 30. Nd4 c5
31. Nf3 Rfe8 32. Rh6 Kf7 33. c4 Rh8 34. Rxh8 Rxh8 35. Bxa5 Ra8 36. b4 cxb4 37. Bxb4 Rxa2+ 38. Nd2 Ne6 39. Kf3 Ke7 40. Ne4 Ra6
41. c5 Nd4+ 42. Ke3 Nc2+ 43. Kd2 Nxb4 44. cxd6+ Rxd6+ 45. Nxd6 Kxd6 46. Ke3 Ke5 47. Kf3 Nd5 48. Kg3 Ke4 49. Kh3 Kf4 50. Kg2 Kxg4
0-1

[Event "Play your favorite openings"]
[Site "SchemingMind.com"]
[Date "2020.02.23"]
[Round "-"]
[White "krzysztof"]
[Black "Raymond de Kemp"]
[Result "0-1"]
[WhiteCountry "POL"]
[BlackCountry "NED"]
[WhiteElo "1605"]
[WhiteRD "73"]
[BlackElo "1839"]
[BlackRD "71"]
[GameID "451668"]

1. e3 c5 2. a3 Nc6 3. Nf3 e5 4. Bb5 e4 5. Bxc6 dxc6 6. Ng1 Nf6 7. c3 Bg4 8. f3 exf3 9. gxf3 Bh5 10. d3 c4
11. d4 Ne4 12. Qe2 Qh4+ 13. Kd1 Nf2+ 14. Kc2 Nxh1 15. e4 Nf2 16. Bf4 Qxf4 17. Qxf2 Be7 18. Nd2 b5 19. Re1 Bh4 20. Nh3 Bxf2
21. Nxf4 Bxe1 22. Nxh5 O-O 23. e5 Rad8 24. Ne4 Rfe8 25. f4 Bh4 26. f5 f6 27. Nhg3 fxe5 28. dxe5 Rxe5 29. Kb1 Bxg3 30. Nxg3 Rd2
31. Ka2 Rxh2 32. a4 h5 33. axb5 Rxb5 34. Ne4 Rhxb2+ 35. Ka1 h4 36. Nd6 Rb8
0-1

[Event "Play your favorite openings"]
[Site "SchemingMind.com"]
[Date "2020.02.24"]
[Round "-"]
[White "Raymond de Kemp"]
[Black "krzysztof"]
[Result "0-1"]
[WhiteCountry "NED"]
[BlackCountry "POL"]
[WhiteElo "1839"]
[WhiteRD "71"]
[BlackElo "1605"]
[BlackRD "73"]
[GameID "451669"]

1. d4 d6 2. Nf3 Nf6 3. c4 b6 4. Nc3 Bd7 5. g3 Bg4 6. Bg2 Nbd7 7. h3 Bxf3 8. Bxf3 Rc8 9. Nb5 a6 10. Na7 Ra8
11. Bxa8 Qxa8 12. O-O Qxa7 13. b4 c5 14. a3 d5 15. cxd5 Nxd5 16. e4 Nc7 17. bxc5 bxc5 18. d5 e6 19. d6 Nb5 20. e5 Nxe5
21. Bb2 Bxd6 22. Re1 Qc7 23. f4 Nd7 24. Bxg7 Rg8 25. Bb2 Rxg3+
0-1

[Event "Play your favorite openings"]
[Site "SchemingMind.com"]
[Date "2020.03.04"]
[Round "-"]
[White "David Hartley"]
[Black "David Perna-Fraser"]
[Result "0-1"]
[WhiteCountry "ENG"]
[BlackCountry "CAN"]
[WhiteElo "1721"]
[WhiteRD "79"]
[BlackElo "1924"]
[BlackRD "65"]
[GameID "451886"]

1. e4 e5 2. Nf3 Nf6 3. Nxe5 d6 4. Nf3 Nxe4 5. Nc3 Nxc3 6. dxc3 Be7 7. Be2 O-O 8. O-O Nc6 9. Be3 Bf6 10. Rb1 Re8
11. Re1 h6 12. Qd2 Bf5 13. Nd4 Nxd4 14. cxd4 d5 15. Rbc1 c6 16. c3 b5 17. a3 a5 18. b4 axb4 19. axb4 Ra4 20. Ra1 Qa8
21. Qb2 Re7 22. Rxa4 Qxa4 23. Ra1 Qc2 24. Qxc2 Bxc2 25. Ra6 Rc7 26. Bf4 Re7 27. Kf1 Re6 28. Bg4 Bd3+
0-1

[Event "Play your favorite openings"]
[Site "SchemingMind.com"]
[Date "2020.03.04"]
[Round "-"]
[White "David Perna-Fraser"]
[Black "David Hartley"]
[Result "1-0"]
[WhiteCountry "CAN"]
[BlackCountry "ENG"]
[WhiteElo "1984"]
[WhiteRD "63"]
[BlackElo "1720"]
[BlackRD "78"]
[GameID "451887"]

1. e4 e5 2. Nf3 Nc6 3. Bb5 a6 4. Ba4 Nf6 5. O-O Be7 6. c3 b5 7. Bc2 O-O 8. d4 d6 9. Re1 exd4 10. Nxd4 Nxd4
11. cxd4 c5 12. d5 Bb7 13. Bf4 Re8 14. Nd2 Qd7 15. Nf3 Rad8 16. h3 Qc7 17. a4 c4 18. axb5 axb5 19. Nd4 Qb6 20. Be3 Ra8
21. Ne6 Rxa1 22. Qxa1 Qa6 23. Qxa6
1-0

[Event "Play your favorite openings"]
[Site "SchemingMind.com"]
[Date "2020.02.28"]
[Round "-"]
[White "Clive Everill"]
[Black "David Perna-Fraser"]
[Result "1-0"]
[WhiteCountry "CZE"]
[BlackCountry "CAN"]
[WhiteElo "1779"]
[WhiteRD "57"]
[BlackElo "1857"]
[BlackRD "68"]
[GameID "451888"]

1. Nf3 Nf6 2. c4 e6 3. g3 d5 4. Bg2 c6 5. b3 Bd6 6. Bb2 O-O 7. O-O Nbd7 8. d4 Re8 9. Nc3 e5 10. cxd5 cxd5
11. dxe5 Nxe5 12. Nxd5 Nxd5 13. Qxd5 Nxf3+ 14. Bxf3 Bh3 15. Rfd1 Re6 16. Qxb7 Rb8 17. Qxa7 Qc8 18. Rac1 Qe8 19. Rd5 Ra8 20. Qd4 Qf8
21. Qh4 Rh6 22. Rh5 Rxh5 23. Qxh5 Be6 24. Bxa8 Qxa8 25. Rd1 Bf8 26. Qe5 Bh3 27. f3 Qa7+ 28. Bd4 Qxa2 29. g4 Qxb3 30. Ra1 Qb4
31. Kf2 h5 32. Ra8 f6 33. Qd5+ Kh7 34. Qxh5+ Kg8 35. Rxf8+ Kxf8 36. Bc5+
1-0

[Event "Play your favorite openings"]
[Site "SchemingMind.com"]
[Date "2020.02.28"]
[Round "-"]
[White "David Perna-Fraser"]
[Black "Clive Everill"]
[Result "1-0"]
[WhiteCountry "CAN"]
[BlackCountry "CZE"]
[WhiteElo "1857"]
[WhiteRD "68"]
[BlackElo "1779"]
[BlackRD "57"]
[GameID "451889"]

1. e4 c5 2. Nf3 d6 3. d4 cxd4 4. Nxd4 Nf6 5. Nc3 a6 6. f3 e5 7. Nb3 Be6 8. Be3 Be7 9. Qd2 O-O 10. g4 d5
11. exd5 Nxd5 12. Nxd5 Bxd5 13. Bg2 Bh4+ 14. Bf2 Bxf2+ 15. Qxf2 Bc6 16. Rd1 Qf6 17. h4 Nd7 18. g5 Qe7 19. c3 f6 20. Na5 f5
21. Nxc6 bxc6 22. Kd2 Rab8 23. Kc1 Rfd8 24. Qa7 Ra8 25. Qc7 Kf8 26. Rhe1 Rac8 27. Qa7 Ra8 28. Qb7 c5 29. Rd5 f4 30. Bh3 Rab8
31. Qxa6 Ra8 32. Qd3 g6 33. Rxd7 Rxd7 34. Qxd7 Qxd7 35. Bxd7 Rxa2 36. Rxe5 Ra1+ 37. Kc2 Rh1 38. Rxc5 Rxh4 39. b4 Rh2+ 40. Kd3 Rh1
41. Ke4 Ke7 42. Bg4 h5 43. gxh6 Rxh6 44. Kxf4 Rh1 45. b5 Ra1 46. b6 Kd6 47. Rg5 Ra4+ 48. Kg3 Kc6 49. Rxg6+ Kb7 50. Bf5 Rc4
51. Be4+ Kb8 52. b7
1-0

[Event "Play your favorite openings"]
[Site "SchemingMind.com"]
[Date "2020.03.04"]
[Round "-"]
[White "kenneth m day"]
[Black "David Perna-Fraser"]
[Result "0-1"]
[WhiteCountry "USA"]
[BlackCountry "CAN"]
[WhiteElo "1743"]
[WhiteRD "52"]
[BlackElo "1924"]
[BlackRD "65"]
[GameID "451890"]

1. e4 e5 2. Nf3 Nf6 3. Nxe5 d6 4. Nxf7 Kxf7 5. d4 c6 6. Nc3 b5 7. a3 Kg8 8. Be2 Be6 9. Bg5 h6 10. Bh4 g5
11. Bg3 a5 12. f3 Na6 13. Qd2 Bg7 14. h4 Nh5 15. Bf2 Nf4 16. Rh2 Nxe2 17. Nxe2 Bc4 18. b3 Bxe2 19. Kxe2 Qe7 20. hxg5 hxg5
21. Rah1 Rxh2 22. Rxh2 d5 23. e5 Bxe5 24. Qe3 Bf6 25. Qxe7 Bxe7 26. a4 Re8 27. Rh6 Bf8+
0-1

[Event "Play your favorite openings"]
[Site "SchemingMind.com"]
[Date "2020.03.04"]
[Round "-"]
[White "David Perna-Fraser"]
[Black "kenneth m day"]
[Result "1-0"]
[WhiteCountry "CAN"]
[BlackCountry "USA"]
[WhiteElo "1924"]
[WhiteRD "65"]
[BlackElo "1743"]
[BlackRD "52"]
[GameID "451891"]

1. e4 e5 2. Nf3 Nc6 3. Bb5 Nf6 4. O-O Nxe4 5. Re1 Nd6 6. Bxc6 dxc6 7. Nxe5 Be7 8. d4 O-O 9. c3 Be6 10. Bf4 f6
11. Nxc6 bxc6 12. Rxe6 Re8 13. Qe1 Qd7 14. Na3 Rad8 15. Re2 Bf8 16. Rxe8 Rxe8 17. Qd1 Re4 18. Bg3 Nf5 19. Qf3 Qe6 20. Nc2 Bd6
21. Bxd6 cxd6 22. h3 Ne7 23. Qd3 Qf5 24. Rd1 Rf4 25. Qxf5 Rxf5 26. Re1 Ng6 27. Re8+ Kf7 28. Rc8 Ne7 29. Rc7 a5 30. Ne3 Rb5
31. Nc4 Ke6 32. a4 Rb8 33. Nxa5 Rxb2 34. Nxc6 Nf5 35. a5 Ra2 36. d5+ Kxd5 37. Nb4+
1-0

[Event "Play your favorite openings"]
[Site "SchemingMind.com"]
[Date "2020.02.28"]
[Round "-"]
[White "krzysztof"]
[Black "David Perna-Fraser"]
[Result "0-1"]
[WhiteCountry "POL"]
[BlackCountry "CAN"]
[WhiteElo "1605"]
[WhiteRD "73"]
[BlackElo "1857"]
[BlackRD "68"]
[GameID "451892"]

1. f3 e5 2. Na3 d5 3. c4 d4 4. h4 h5 5. d3 Ne7 6. Bg5 f6 7. Bd2 Nf5 8. Qa4+ Bd7 9. Qb3 Qc8 10. g4 hxg4
11. f4 Bc6 12. e4 dxe3 13. Bb4 Bxb4+ 14. Kd1 Bxa3 15. bxa3 Bxh1 16. c5 Nd4 17. Qc4 Bf3+ 18. Ke1 Qe6 19. Rc1 Qxc4 20. dxc4 Rxh4
21. Rc3 Rh1 22. Nxf3 Nxf3+ 23. Ke2 exf4 24. Bg2 Re1+ 25. Kd3 Ne5+ 26. Ke4 f3 27. Rxe3 Rxe3+ 28. Kxe3 fxg2
0-1

[Event "Play your favorite openings"]
[Site "SchemingMind.com"]
[Date "2020.02.28"]
[Round "-"]
[White "David Perna-Fraser"]
[Black "krzysztof"]
[Result "1-0"]
[WhiteCountry "CAN"]
[BlackCountry "POL"]
[WhiteElo "1857"]
[WhiteRD "68"]
[BlackElo "1605"]
[BlackRD "73"]
[GameID "451893"]

1. e4 e6 2. d4 d6 3. c4 Na6 4. Nc3 c6 5. f4 d5 6. cxd5 exd5 7. Bxa6 bxa6 8. exd5 cxd5 9. Qa4+ Qd7 10. Qxd7+ Bxd7
11. Nxd5 Bd6 12. Ne2 Ne7 13. Nxe7 Bxe7 14. Nc3 Bd6 15. O-O O-O-O 16. Ne4 Bc7 17. Ng5 Rdf8 18. Be3 f6 19. Ne4 Bc6 20. Nc5 Bb5
21. Rfc1 Kb8 22. Ne6 Rf7 23. d5 Bd6 24. a4 Bd3 25. Rc3 Bf5 26. Rb3+ Ka8 27. Nd4 Be4 28. Rd1 Rc8 29. Rc3 Rfc7 30. Rdc1 Bxd5
31. Nf5 Rxc3 32. Rxc3 Rxc3 33. bxc3 Ba3 34. Nxg7 Bb3 35. a5 Kb7 36. Nh5 Be7 37. Bd4 f5 38. Ng7 Be6 39. Nxe6 Bb4 40. cxb4 Kc6
41. Ng7
1-0